Vatra orgán Národného frontu

Bibliographic Details
Other Authors: Križka, Alexander, 1903-1955 (Publishing director), Šurina, Mikuláš (Publishing director)
Format: Journal
Language:Slovak
PhysicalDescription:2 zv. 43-47 cm
Published: Banská Bystrica Okresný národný výbor 1945-1946
Banská Bystrica Grafia
ISSN:2730-0048
Subjects:

MARC

LEADER 00000cas a22000004a 4500
001 vtls001347951
003 SK-MaSNL
005 20260228155726.0
008 981111d19451946xo dr p 0 0b0slo
022 |a 2730-0048 
035 |a SNK000301224 
035 |a (SVKBB03)vtls000118971 
040 |a SNK  |b slo  |c SNK  |e AACR2 
041 0 |a slo 
043 |a e-xo--- 
044 |a xo  |c SK 
072 7 |a 32  |x Politika  |2 konspekt 
080 |a (437.642)  |2 2011 
080 |a 32  |2 2011 
080 |a (051)+(054)(437.6)  |2 2011 
210 0 |a Vatra  |b (Banská Bystrica) 
222 0 |a Vatra  |b (Banská Bystrica) 
245 0 0 |a Vatra  |b orgán Národného frontu 
246 1 3 |a Banskobystrická vatra  |b nezávislý politický denník  |f 1/1946-46/1946 
260 |a Banská Bystrica  |b Okresný národný výbor  |c 1945-1946 
260 3 |3 24/1946-89/1946  |a Banská Bystrica  |b Grafia 
300 |a 2 zv.  |c 43-47 cm 
310 |a Denne [okrem pondelka] 
362 0 |a Roč. I, č. 1 (19. apr. 1945)-roč. II, č. 89 (4. aug. 1946) 
500 |a Od č. 47 (2/1946) bez podnázvu 
500 |a Od č. 157/1945 výška formátu 47 cm 
500 |a Zodp. red.: Alexander Matuška, od 49/1945, Andrej Plávka ; od 129/1945, Alexander Križka ; od 34/1946, Štefan Adamovič 
500 |a Hlav. red.: od 5/1945, Alexander Križka, od 129/1945, Mikuláš Šurina ; od 34/1946 sa neuvádza 
650 0 7 |a politika  |2 SNKPH  |9 968 
651 7 |a Banskobystrický kraj (Slovensko)  |2 SNKPHgeo  |9 161506 
655 7 |a regionálne periodiká  |2 SNKPH  |9 131775 
700 1 |a Matuška, Alexander,  |d 1910-1975  |4 lso  |9 257897 
700 1 |a Plávka, Andrej,  |d 1907-1982  |4 lso  |9 184132 
700 1 |a Križka, Alexander,  |d 1903-1955  |4 lso  |4 pbd  |9 192166 
700 1 |a Adamovič, Štefan,  |d 1903-1961  |4 lso  |9 189878 
700 1 |a Šurina, Mikuláš  |4 pbd  |9 265218 
910 |a snk 
999 |c 333  |d 333 
952 |0 0  |1 0  |4 0  |7 0  |a SNK  |b SNK  |d 1998-11-11  |l 0  |o snkČSA 229/1/1945  |p 17A0167333  |r 2005-01-02 00:00:00  |w 2026-02-21  |y PREZ 
952 |0 0  |1 0  |4 0  |7 0  |a SNK  |b SNK  |d 2003-06-17  |l 0  |o snkČSA 229/1/1945 D1  |p 17A0367578  |r 2005-01-02 00:00:00  |w 2026-02-21  |y PREZ  |z Chýba č. 24,53,54,58,194-196 
952 |0 0  |1 0  |4 0  |7 0  |a SNK  |b SNK  |d 2003-06-17  |l 0  |o snkČSA 229/2/1946  |p 17A0167350  |r 2005-01-02 00:00:00  |w 2026-02-21  |y PREZ 
952 |0 0  |1 0  |4 0  |7 0  |a SNK  |b SNK  |d 2003-06-17  |l 0  |o snkČSA 229/2/1946 D1  |p 17A0386896  |r 2005-01-02 00:00:00  |w 2026-02-21  |y PREZ  |z Chýba č. 83-89